Konkurenceschopnost a správa společnosti

Konkurencieschopnosť a konkurenčná výhoda. Zdroje konkurenčnej výhody podniku: veľkosť podniku, podiel na trhu, atraktívnosť rôznych trhov (resp. oblasti, v ktorej podnik pôsobí), pozícia na trhu. Dobrá správa spoločnosti ako konkurenčná výhoda. Zmluvné vzťahy ako nástroj získania konkurenčnej výh...

Descripción completa

Guardado en:
Detalles Bibliográficos
Autor principal: Hučka, Miroslav
Formato: Capítulo de libro
Lenguaje:checo
Materias:
Etiquetas: Agregar Etiqueta
Sin Etiquetas, Sea el primero en etiquetar este registro!

MARC

LEADER 00000nla$a2200000$$$4500
001 0076202
005 20220906092734.9
041 0 |a cze 
044 |a SK 
245 1 0 |a Konkurenceschopnost a správa společnosti  |c Miroslav Hučka 
520 |a Konkurencieschopnosť a konkurenčná výhoda. Zdroje konkurenčnej výhody podniku: veľkosť podniku, podiel na trhu, atraktívnosť rôznych trhov (resp. oblasti, v ktorej podnik pôsobí), pozícia na trhu. Dobrá správa spoločnosti ako konkurenčná výhoda. Zmluvné vzťahy ako nástroj získania konkurenčnej výhody. Závery z empirických výskumov. Väzba medzi správou spoločnosti a indikátormi jej výkonnosti. 
610 2 0 |a konkurencia 
610 2 0 |a konkurencieschopnosť 
610 2 0 |a výhody konkurenčné 
610 2 0 |a spoločnosti 
610 2 0 |a podnik 
610 2 0 |a správa podniku 
610 2 0 |a správa spoločnosti 
610 2 0 |a výkonnosť 
100 1 |a Hučka, Miroslav